Pour une voie Grecque vers la renaissance democratique et le socialisme : le projet de programme du P.C.G. (de l'int.)
Αποθηκεύτηκε σε:
| Μορφή: | Βιβλίο |
|---|---|
| Γλώσσα: | French |
| Δημοσίευση: |
[χ.τ.] :
[χ.ε.],
[19--]
|
| Θέματα: | |
| Ετικέτες: |
Προσθήκη ετικέτας
Δεν υπάρχουν, Καταχωρήστε ετικέτα πρώτοι!
|
MARC
| LEADER | 00000cam a2200000 i 4500 | ||
|---|---|---|---|
| 001 | 1/29657 | ||
| 008 | 060517s fre d | ||
| 035 | |l 10083953 | ||
| 040 | |a GR-MY-UA |b gre |e aacr | ||
| 041 | 0 | |a fre | |
| 082 | 0 | |a 324.209495 |2 (22) | |
| 245 | 1 | 0 | |a Pour une voie Grecque vers la renaissance democratique et le socialisme : |b le projet de programme du P.C.G. (de l'int.) |
| 260 | |a [χ.τ.] : |b [χ.ε.], |c [19--] | ||
| 300 | |a 175 σ.; |c 21 εκ. | ||
| 610 | 2 | 0 | |a Κομμουνιστικό Κόμμα Ελλάδος. |
| 650 | 0 | 0 | |a Socialism. |
| 650 | 0 | 0 | |a Democracy. |
| 650 | 0 | 0 | |a Communist parties |z Greece. |
| 651 | 0 | |a Greece |x Social conditions. | |
| 651 | 0 | |a Greece |x Politics and government |y 1974- | |
| 852 | |a INST |b LESVOS |e 20060517 |h 324.209495 POU |p 005100034985 |q 005100034985 |t BK |y 0 | ||
| 901 | |a BIBL1-2006-2 | ||
| 909 | |a Λ |b 124094 | ||
| 970 | |a ΚΑΡΑ |b ΓΙΑΣΕΜΗ |z 2006/05/17 | ||